000
00336nam a2200145Ia 4500
008
230718s9999 xx 000 0 und d
041
_a
Eng.
082
_a
346.038
_b
EVA-L
100
_a
Evans, Nugh
245
0
_a
Lacoger's liabilities
260
_a
Pakistan
_b
London and Maxwell
_c
2002
300
_a
336
650
_a
Law
999
_c
26218
_d
26218